000 00244nmm a2200097Ia 4500
008 220120s9999||||xx |||||||||||||||||und||
020 _a978-81-203-3468-7
100 _aOpen source for you
245 0 _aMarch-2015,Kali LInux
260 _bNew delhi
999 _c139959
_d139959